Evolution Science and Ethics in the Third Millennium Challenges and Choices for Humankind /

The book aims to revitalise the interdisciplinary debate about evolutionary ethics and substantiate the idea that evolution science can provide a rational and robust framework for understanding morality. It also traces pathways for knowledge-based choices to be made about directions for future long-...

Full description

Bibliographic Details
Main Authors: Cliquet, Robert (Author, http://id.loc.gov/vocabulary/relators/aut), Avramov, Dragana (http://id.loc.gov/vocabulary/relators/aut)
Corporate Author: SpringerLink (Online service)
Format: Electronic eBook
Language:English
Published: Cham : Springer International Publishing : Imprint: Springer, 2018.
Edition:1st ed. 2018.
Subjects:
Online Access:Full Text via HEAL-Link
LEADER 03789nam a2200517 4500
001 978-3-319-73090-5
003 DE-He213
005 20191028081626.0
007 cr nn 008mamaa
008 180111s2018 gw | s |||| 0|eng d
020 |a 9783319730905  |9 978-3-319-73090-5 
024 7 |a 10.1007/978-3-319-73090-5  |2 doi 
040 |d GrThAP 
050 4 |a BJ1-1725 
072 7 |a HPQ  |2 bicssc 
072 7 |a PHI005000  |2 bisacsh 
072 7 |a QDTQ  |2 thema 
082 0 4 |a 170  |2 23 
100 1 |a Cliquet, Robert.  |e author.  |4 aut  |4 http://id.loc.gov/vocabulary/relators/aut 
245 1 0 |a Evolution Science and Ethics in the Third Millennium  |h [electronic resource] :  |b Challenges and Choices for Humankind /  |c by Robert Cliquet, Dragana Avramov. 
250 |a 1st ed. 2018. 
264 1 |a Cham :  |b Springer International Publishing :  |b Imprint: Springer,  |c 2018. 
300 |a XIII, 538 p. 15 illus.  |b online resource. 
336 |a text  |b txt  |2 rdacontent 
337 |a computer  |b c  |2 rdamedia 
338 |a online resource  |b cr  |2 rdacarrier 
347 |a text file  |b PDF  |2 rda 
505 0 |a   1 Setting the Stage for Reflecting on a Universal Morality -- 2. Origin and Evolution of Morality -- 3. Adaptive and Maladaptive Features of Religious Beliefs as Sources of Morality -- 4. Challenges of Major Secular Ideologies -- 5. Evolution-Based Universal Morality -- 6.- Evolution-Based Ethical Challenges related to Individual Variability -- 7. Evolution-Based Ethical Challenges to Group Variability -- 8. Evolution-Based Ethical Challenges related to Intergenerational Replacement -- 9. Conclusions and Final Reflections -- 10. Bibliography. 
520 |a The book aims to revitalise the interdisciplinary debate about evolutionary ethics and substantiate the idea that evolution science can provide a rational and robust framework for understanding morality. It also traces pathways for knowledge-based choices to be made about directions for future long-term biological evolution and cultural development in view of adaptation to the expected, probable and possible future and the ecological sustainability of our planetary environment The authors discuss ethical challenges associated with the major biosocial sources of human variation:  individual variation, inter-personal variation, inter-group variation, and inter-generational variation. This book approaches the long-term challenges of the human species in a holistic way. Researchers will find an extensive discussion of the key theoretical scientific aspects of the relationship between evolution and morality. Policy makers will find information that can help them better understand from where we are coming and inspire them to make choices and take actions in a longer-term perspective. The general public will find food for thoughts. 
650 0 |a Ethics. 
650 0 |a Evolutionary biology. 
650 0 |a Anthropology. 
650 0 |a Sociology. 
650 1 4 |a Ethics.  |0 http://scigraph.springernature.com/things/product-market-codes/E14000 
650 2 4 |a Evolutionary Biology.  |0 http://scigraph.springernature.com/things/product-market-codes/L21001 
650 2 4 |a Anthropology.  |0 http://scigraph.springernature.com/things/product-market-codes/X12000 
650 2 4 |a Sociology, general.  |0 http://scigraph.springernature.com/things/product-market-codes/X22000 
700 1 |a Avramov, Dragana.  |e author.  |4 aut  |4 http://id.loc.gov/vocabulary/relators/aut 
710 2 |a SpringerLink (Online service) 
773 0 |t Springer eBooks 
776 0 8 |i Printed edition:  |z 9783319730899 
776 0 8 |i Printed edition:  |z 9783319730912 
776 0 8 |i Printed edition:  |z 9783319892320 
856 4 0 |u https://doi.org/10.1007/978-3-319-73090-5  |z Full Text via HEAL-Link 
912 |a ZDB-2-REP 
950 |a Religion and Philosophy (Springer-41175)